MDQL
is popping MORE tags! Check the
thread
!
Quizzes
Events
Quiz Creation
Community
Videos
Private Events
Remove Ads
Sign In
Join for FREE
Feedback
Dark Mode
Quiz Categories
Sports
Geography
Music
Movies
Television
Just For Fun
Miscellaneous
History
Literature
Language
Science
Gaming
Entertainment
Religion
Holiday
For Kids
Quiz Lab
Recent
Popular Today
Quiz Kudos Today
Editor Picks
Curator Picks
Quizzes by...
Day
Popularity
Type
Ratings
Length
Year
Community
Subscriptions
Recent Discussions
Orange Saloon
Badges
Playlists
Quests
Create
Leaderboards
Showdown
Live 5
Trivia Bingo
Activity
Puzzle Library
Sporcle Events
Private Events
Virtual Trivia
Globe League
Become a Host
Pub Owners
SporcleCon
Opinionation
Our Games
Videos
Blog
Mobile Apps
Partnerships
Remove Ads and Go Orange
Feedback
Geography
Country
Landmarks
City
State
Population
World
Capital
Continent
Flags
Europe
Africa
Asia
South America
North America
Oceania
Border
Canada
United Kingdom
Topography
United States
Geography
Country
Landmarks
City
State
Population
World
Capital
Continent
Flags
Europe
Africa
Asia
South America
North America
Oceania
Border
Canada
United Kingdom
Topography
United States
Random Quiz
Search Sporcle
×
Quiz Lab
Quiz Lab
Geography
Country
Type in answers that appear in a list
Type in answers that appear in a list
Classic
Best Score? Go Orange.
Same Country, Different Name Stats
Can you name the current country from its ancient name?
By
hoppinator96
5m
17 Questions
343 Plays
343 Plays
343 Plays
Comments
Comments
Give Quiz Kudos
Give Quiz Kudos
-
- Ratings
hide this ad
Replay
Link that replays current quiz
Next Quiz
Link to next quiz in quiz playlist
You Got
0%
They Got
Avg Score
63%
Avg Friend Score
Upgrade to see
Score Distribution
Jump to the score distribution portion of the page
Score
0/17
Timer
05:00
0
Plays Today
Extinct Country
Current Country
% Correct
Czechoslovakia
Czech Republic & Slovakia
94.2%
Persia
Iran
92.1%
Burma
Myanmar
84.3%
Siam
Thailand
83.7%
West Pakistan
Pakistan
81.9%
East Pakistan
Bangladesh
72.3%
Sumatra
Indonesia
68.8%
Ceylon
Sri Lanka
67.9%
Rhodesia
Zimbabwe
64.1%
Extinct Country
Current Country
% Correct
Kampuchea
Cambodia
58.9%
British Honduras
Belize
56.3%
Formosa
Taiwan
50.7%
Gold Coast
Ghana
48.4%
Yugoslavia
Serbia and Montenegro
44.9%
Malagasy Republic
Madagascar
44%
Bechuanaland
Botswana
35%
Basutoland
Lesotho
33.8%
Quiz Playlist
Details
Report
Send in Message
Add To Playlist
Classic:
Type in answers that appear in a list
Last Updated: Feb 16, 2017
Quiz Scoreboard
CHALLENGE
Sign Up to Join the Scoreboard
Show All
Scores
Hide
Comments
May contain spoilers
Recently Published
5x2 Blitz: Bands
by SL_Kpop136
Music
30s
Colored Red Africa Blitz
by spor1
Geography
30s
Find the 'City' Movie
by crazypaving
Movies
60s
More to Explore
Quiz From the Vault
Featured Blog Post
14 Easter Pick-up Lines to Find Eggs With
hide this ad
You Might Also Like...
Tags
Country Quiz
ancient
Different
Extinct
same
Today's Top Quizzes in Geography
Browse Geography
hide this ad
Today's Top Quizzes in Country
Browse Country
Top Contributed Quizzes in Geography
1
Countries of the World - No Outlines Minefield
2
Colored Red Europe Blitz I
3
Colored Red Africa Blitz II
4
Colored Red Europe Blitz II
5
Colored Red Africa Blitz III
6
Colored Red Europe Blitz III
7
Colored Red States Blitz I
8
African Flag Reveal XLVI
9
Colored Red States Blitz II
10
Colored Red States Blitz III
Explore More
Trending Topics
Disney
Harry Potter
Marvel
Crossword
Kpop
Anime
NBA
NFL
Puzzle
Pokémon
Country
Soccer
Song
The Office
WWE
hide this ad
More By:
hoppinator96
Quiz
Plays
Rating
Category
Featured
Created
Ancient Civilizations
1,170
3.00
History
Jun 7, 2010
Name that Phylum
1,101
5.00
Science
May 27, 2010
Same Country, Different Name
343
2.38
Geography
Jun 8, 2010
Name that Field of Science
286
2.15
Science
Jun 10, 2010
American Patriotic Sayings
72
5.00
History
Jun 8, 2010
Go to Creator's Profile
Score Distribution
Quiz Creator Spotlight
hoppinator96
Follow
Send a Message
Quizzes Created
-
Created Quiz Play Count
-
More By This Creator
Popular Quizzes Today
1
Colored Red Africa Blitz
2
Find the 'City' Movie
3
Find the US States - No Outlines Minefield
4
5x2 Blitz: Bands
5
The Countries of the World
6
Find the US States
7
Find the Countries of Europe - No Outlines Minefield
8
US States
More Geography Quizzes
Weakest Link: 'O'-'R' Countries
Published
Trending Quizzes
Colored Red Europe Blitz I
Colored Red Europe Blitz II
Colored Red Africa Blitz II
Colored Red Europe Blitz III
Colored Red Africa Blitz III
Recently Updated
How Do You Spell That?
pecheneg
Godzilla Movies
pecheneg
Grab Bag: 4-10 Letters
pecheneg
2024 March Madness Bracket
pecheneg
Famous TV Couples
Peacemaker
Champions League XIs: Real Madrid
pecheneg
Largest US Cities 1790-2010
pecheneg
Rides in Walt Disney World
pecheneg
Most Oscar Losses (Acting)
pecheneg
Beyoncé Albums
pecheneg
Trending Topics
Anime
NBA
Disney
Crossword
Harry Potter
Marvel
Kpop
WWE
The Office
Soccer
NFL
Pokémon
Country
Song
Puzzle
Your Account Isn't Verified!
In order to create a playlist on Sporcle, you need to verify the email address you used during registration. Go to your
Sporcle Settings
to finish the process.
Report this User
Report this user for behavior that violates our
Community Guidelines
.
Details:
Send Report
Go to the Sporcle.com Mobile Site →
Comments